Analýza ocenenia výsledku hospodárenia konkrétnej účtovnej jednotky bakalárska práca

Gespeichert in:
Bibliographische Detailangaben
1. Verfasser: Vaculčiak, Ján
Körperschaft: Fakulta hospodárskej informatiky EU. Katedra účtovníctva a audítorstva
Weitere Verfasser: Bednárová, Beáta
Format: Buch
Sprache:Slowakisch
Veröffentlicht: Bratislava 2015
Tags: Tag hinzufügen
Keine Tags, Fügen Sie das erste Tag hinzu!

MARC

LEADER 00000nbm a2200000 4500
001 0204135
005 20161212114012.4
041 0 |a slo 
044 |a SK 
245 1 0 |a Analýza ocenenia výsledku hospodárenia konkrétnej účtovnej jednotky  |b bakalárska práca  |c Ján Vaculčiak ; školiteľ: Beáta Bednárová 
264 1 |a Bratislava  |c 2015 
300 |a 39 s. 
100 1 |a Vaculčiak, Ján 
700 1 |a Bednárová, Beáta 
710 2 |a Fakulta hospodárskej informatiky EU. Katedra účtovníctva a audítorstva